000 00670nam a2200253Ia 4500
003 GCL
008 140319s9999 xx 000 0 eng d
040 _aGCL /
_cGCL
082 0 4 _a615.71
_bS C
100 1 _aVANHOUTTE, PAUL M.
245 1 0 _aCARDIOVASCULAR PHARMACOLOGY AND THERAPEUTICS /
_cVANHOUTTE, PAUL M.
700 1 _aSINGH, BRAMAH N.
700 1 _aDZAU, VICTOR J.
260 _a[S.N] :
_bCHURCHILL LIVINGSTONE ،
_c1994
300 _a1231 PP
650 0 4 _aDRUG THERAPY
650 0 4 _aPHARMACOLOGY
650 0 4 _aHEART
650 0 4 _aDISEASES
650 0 4 _aTREATMENT
650 0 4 _aCARDIOVASCULAR DIREASES
650 0 4 _aTHERAPEUTICS
942 _2ddc
_cBK
999 _c21990
_d21990